El hombro en la hemiplejia
محفوظ في:
| المؤلف الرئيسي: | |
|---|---|
| التنسيق: | كتاب |
| اللغة: | الإسبانية |
| منشور في: |
Ciudad de México
El Manual Moderno
1982
|
| سلاسل: | Síndromes Dolorosos
|
| الموضوعات: | |
| الوسوم: |
إضافة وسم
لا توجد وسوم, كن أول من يضع وسما على هذه التسجيلة!
|
MARC
| LEADER | 00000nam a2200000 a 4500 | ||
|---|---|---|---|
| 001 | UCR6069 | ||
| 003 | CL-VaPUC | ||
| 008 | 980420e19820000MX |||||||||||||||||spa|d | ||
| 082 | 0 | 4 | |a 617.7 |b CAI |2 21 |
| 100 | 0 | |a Cailliet, René |e author |9 407170 | |
| 245 | 1 | 3 | |a El hombro en la hemiplejia |
| 300 | |a 125 p | ||
| 942 | |c BK | ||
| 945 | |d 19980420 00:00:00 |a rleighto | ||
| 260 | |a Ciudad de México |b El Manual Moderno |c 1982 | ||
| 650 | 7 | |a HEMIPLEJIA |2 CL-VaPUC |9 407171 | |
| 650 | 0 | |a Anatomía |9 261202 | |
| 650 | 7 | |a HOMBRO |2 CL-VaPUC |9 407172 | |
| 650 | 7 | |a FISIOLOGIA |2 CL-VaPUC |9 407173 | |
| 650 | 0 | |a Músculos |9 269552 | |
| 650 | 0 | |a Articulaciones |9 324125 | |
| 583 | |a last modification |c 19980420 00:00:00 |k Rodrigo Vera | ||
| 490 | 0 | |a Síndromes Dolorosos | |
| 999 | |c 268380 |d 268378 | ||
| 952 | |0 0 |1 0 |4 0 |6 617_700000000000000_CAI_1982 |7 0 |8 A |9 301492 |a BIBEDU |b BIBEDU |d 2019-11-20 |i 3415066 |o 617.7 CAI 1982 |p 3415066 |r 2019-11-20 |w 2019-11-20 |y BK |k BME | ||
| 952 | |0 0 |1 0 |4 0 |6 617_700000000000000_CAI_1982 |7 0 |8 A |9 301493 |a BIBEDU |b BIBEDU |d 2019-11-20 |i 3415074 |o 617.7 CAI 1982 |p 3415074 |r 2019-11-20 |w 2019-11-20 |y BK |k BME | ||